| 000 | 01285cam a2200349 i 4500 | ||
|---|---|---|---|
| 001 | 26285 | ||
| 003 | Mx-PuUPA | ||
| 005 | 20250307141042.0 | ||
| 008 | 140415s2016 mx gr 000 0 spa d | ||
| 020 | _a9786073145053 | ||
| 040 |
_aMx-PuUPA _cMx-PuUPA _bspa _dMx-PuUPA _erda |
||
| 041 | 0 | _aspa | |
| 100 | 1 |
_aRodríguez García, Arturo, _916694 |
|
| 245 | 1 | 3 |
_aEl regreso autoritario del PRI : _binventario de una nación en crisis / _cArturo Rodríguez García |
| 250 |
_aPrimera edición / _bagosto |
||
| 264 | 1 |
_aCiudad de México : _bPenguin Random House Grupo Editorial, _c©2015 |
|
| 300 |
_a375 páginas ; _c19 cm |
||
| 336 |
_2rdacontent _atexto _btxt |
||
| 337 |
_2rdamedia _asin medio _bn |
||
| 338 |
_2rdacarrier _avolumen _bnc |
||
| 490 | 0 | _aColección México Roto | |
| 610 |
_aPartido Revolucionario Institucional _xPolítica y gobierno desde 2000 |
||
| 650 | 7 |
_913986 _2armarc _aAutoritarismo |
|
| 650 | 7 |
_2armarc _aAturitarismo _zMéxico |
|
| 651 | 4 |
_aMéxico _xCondiciones sociales _ySiglo XXI |
|
| 651 | 4 |
_aMéxico _xPolítica y gobierno _y2000 |
|
| 942 |
_2ddc _cLI _h320.530972 _iR68 |
||
| 999 |
_c26285 _d26285 |
||